Chunches Mololon tak Nakun : Benvenuto Chavajay /
Zapisane w:
| Kolejni autorzy: | , , , , |
|---|---|
| Format: | Książka |
| Język: | Spanish |
| Wydane: |
San José, Costa Rica:
Museo de Arte y Diseño Contemporáneo,
2015.
|
| Wydanie: | 1. edición |
| Hasła przedmiotowe: | |
| Etykiety: |
Dodaj etykietę
Nie ma etykietki, Dołącz pierwszą etykiete!
|
MARC
| LEADER | 00000nam a22000007a 4500 | ||
|---|---|---|---|
| 008 | 150630s2015 cr aoaa|rc|||a000 0 spa d | ||
| 020 | |a 9789930949856 | ||
| 040 | |a CIICLA | ||
| 082 | |a 700 |b C559c | ||
| 245 | 1 | 0 | |a Chunches Mololon tak Nakun : |b Benvenuto Chavajay / |c coordinado por María José Chavarría Zamora, prólogo por Javier Payeras y Benvenuto Chavajay ; traducido por Natasha Mcver ; fotografías por Adriana Artavia Vindas. |
| 250 | |a 1. edición | ||
| 260 | |a San José, Costa Rica: |b Museo de Arte y Diseño Contemporáneo, |c 2015. | ||
| 300 | |a 45 páginas: |b ilustraciones a color | ||
| 500 | |a Esta publicación fue realizada para la exposición Chunches, de Brnbrnuyo Vhsbsjsy, exhibida en el Museo de Arte y Diseño Contemporáneo (MADC), San José, Costa Rica. Del 18 setiembre al 13 de noviembre de 2014. | ||
| 650 | 1 | 4 | |a ARTE CONTEMPORANEO |v CATALOGOS |z AMERICA LATINA |
| 650 | 1 | 4 | |a ARTISTAS |
| 700 | 1 | |a Payeras, Javier |e prólogo | |
| 700 | 1 | |a Chavajay, Benvenuto | |
| 700 | 1 | |a Chavajay, Benvenuto |e prólogo | |
| 700 | 1 | |a Chavarría Zamora, María José |j coordinador | |
| 700 | 1 | |a Mclver, Natasha |j traducción | |
| 700 | 1 | |a Artavia Vindas, Adriana |j fotográfa | |
| 942 | |2 ddc |c REF | ||
| 999 | |c 4337 |d 4337 | ||



